South American Countries - No Consonants - Statistics

General Stats
  • This quiz has been taken 32 times
  • The average score is 11 of 12
Answer Stats
Hint Answer % Correct
AEIA Argentina
97%
OIIA Bolivia
97%
EUAO Ecuador
97%
UUUAY Uruguay
97%
AI Brazil
94%
OOIA Colombia
94%
AAUAY Paraguay
94%
EU Peru
94%
UIAE Suriname
94%
IE Chile
90%
UAA Guyana
90%
EEUEA Venezuela
90%
No matching quizzes found
Score Distribution
Percent of People with Each Score
Percentile by Number Answered
Your Score History
You have not taken this quiz